<?xml version="1.0" encoding="UTF-8"?>
<record
    xmlns:xsi="http://www.w3.org/2001/XMLSchema-instance"
    xsi:schemaLocation="http://www.loc.gov/MARC21/slim http://www.loc.gov/standards/marcxml/schema/MARC21slim.xsd"
    xmlns="http://www.loc.gov/MARC21/slim">

  <leader>00927nam a22002297a 4500</leader>
  <controlfield tag="003">OSt</controlfield>
  <controlfield tag="005">20160816020004.0</controlfield>
  <controlfield tag="008">150427b        xxu||||| |||| 00| 0 eng d</controlfield>
  <datafield tag="020" ind1=" " ind2=" ">
    <subfield code="a">9966222707</subfield>
  </datafield>
  <datafield tag="040" ind1=" " ind2=" ">
    <subfield code="a">DLC</subfield>
    <subfield code="c">DLC</subfield>
    <subfield code="d">DLC</subfield>
  </datafield>
  <datafield tag="050" ind1=" " ind2=" ">
    <subfield code="a">P 118.25</subfield>
    <subfield code="b">.G38 2005</subfield>
  </datafield>
  <datafield tag="100" ind1=" " ind2=" ">
    <subfield code="9">37021</subfield>
    <subfield code="a">Gathumbi, Agnes W.</subfield>
  </datafield>
  <datafield tag="245" ind1=" " ind2=" ">
    <subfield code="a">Principles and techniques in language teaching : </subfield>
    <subfield code="b">a text for teacher educators, teachers, and Pre-service teachers</subfield>
    <subfield code="c">Agnes W. Gathumbi and Ssebbunga C. Masembe.</subfield>
  </datafield>
  <datafield tag="260" ind1=" " ind2=" ">
    <subfield code="a">Nairobi, Kenya ; </subfield>
    <subfield code="b">Jomo Kenyatta Foundation, </subfield>
    <subfield code="c">2005.</subfield>
  </datafield>
  <datafield tag="300" ind1=" " ind2=" ">
    <subfield code="a">xii, 207 p.;</subfield>
  </datafield>
  <datafield tag="504" ind1=" " ind2=" ">
    <subfield code="a">Includes bibliography and index.</subfield>
  </datafield>
  <datafield tag="650" ind1=" " ind2=" ">
    <subfield code="a">Effective teaching</subfield>
    <subfield code="z">Kenya</subfield>
    <subfield code="x">handbooks, manuals, etc.</subfield>
    <subfield code="9">37023</subfield>
  </datafield>
  <datafield tag="650" ind1=" " ind2=" ">
    <subfield code="a">Language teachers</subfield>
    <subfield code="z">Kenya</subfield>
    <subfield code="x">Handbooks, manuals, etc.</subfield>
    <subfield code="9">37024</subfield>
  </datafield>
  <datafield tag="650" ind1=" " ind2=" ">
    <subfield code="a">Language transfer (language learning)</subfield>
    <subfield code="z">Kenya</subfield>
    <subfield code="x">Handbooks, manuals, etc.</subfield>
    <subfield code="9">37025</subfield>
  </datafield>
  <datafield tag="700" ind1=" " ind2=" ">
    <subfield code="9">37022</subfield>
    <subfield code="a">Masembe, Ssebbunga C.</subfield>
  </datafield>
  <datafield tag="942" ind1=" " ind2=" ">
    <subfield code="2">lcc</subfield>
    <subfield code="c">BK</subfield>
    <subfield code="0">2</subfield>
  </datafield>
  <datafield tag="999" ind1=" " ind2=" ">
    <subfield code="c">61649</subfield>
    <subfield code="d">61623</subfield>
  </datafield>
  <datafield tag="952" ind1=" " ind2=" ">
    <subfield code="0">0</subfield>
    <subfield code="1">0</subfield>
    <subfield code="2">lcc</subfield>
    <subfield code="4">0</subfield>
    <subfield code="7">0</subfield>
    <subfield code="8">GEN</subfield>
    <subfield code="a">CPL</subfield>
    <subfield code="b">CPL</subfield>
    <subfield code="c">GEN</subfield>
    <subfield code="d">2015-04-27</subfield>
    <subfield code="e">University of Nairobi Bookshop</subfield>
    <subfield code="g">7.33</subfield>
    <subfield code="l">1</subfield>
    <subfield code="o">P 118.25.G38 2005</subfield>
    <subfield code="p">R33112A3232</subfield>
    <subfield code="r">2019-09-02 00:00:00</subfield>
    <subfield code="s">2016-08-15</subfield>
    <subfield code="t">1</subfield>
    <subfield code="w">2015-04-27</subfield>
    <subfield code="y">BK</subfield>
  </datafield>
  <datafield tag="952" ind1=" " ind2=" ">
    <subfield code="0">0</subfield>
    <subfield code="1">0</subfield>
    <subfield code="2">lcc</subfield>
    <subfield code="4">0</subfield>
    <subfield code="7">0</subfield>
    <subfield code="8">GEN</subfield>
    <subfield code="a">CPL</subfield>
    <subfield code="b">CPL</subfield>
    <subfield code="c">GEN</subfield>
    <subfield code="d">2015-04-30</subfield>
    <subfield code="e">University of Nairobi Bookshop</subfield>
    <subfield code="g">7.33</subfield>
    <subfield code="l">1</subfield>
    <subfield code="m">1</subfield>
    <subfield code="o">P 118.25.G38 2005</subfield>
    <subfield code="p">R33114K3232</subfield>
    <subfield code="r">2019-09-02 00:00:00</subfield>
    <subfield code="s">2015-04-30</subfield>
    <subfield code="t">2</subfield>
    <subfield code="w">2015-04-30</subfield>
    <subfield code="y">BK</subfield>
  </datafield>
</record>
